Famous Canadians II Quiz Stats

 Plays Quiz Updated Dec 1, 2020

Support Sporcle.
Go Orange.
Score 0/24 Timer 06:00
0 Plays Today
Number Canadian % Correct
Justin Bieber
94.1%
Mike Myers
88.3%
Michael J. Fox
84.9%
Keanu Reeves
82.1%
Pamela Anderson
78.9%
Donald Sutherland
72.7%
Howie Mandel
67.5%
Drake
66.9%
Elliot Page
61.7%
Avril Lavigne
60.1%
Neil Young
48.3%
Eugene Levy
42.2%
Number Canadian % Correct
James Naismith
36.4%
Bobby Orr
35.3%
Joni Mitchell
33.6%
Bret Hart
33.2%
Anne Murray
33.1%
Don Cherry
32.1%
Mario Lemieux
31.4%
Joshua Jackson
30.4%
Pierre Elliott Trudeau
27.3%
Maurice Richard
25.8%
Elisha Cuthbert
22.7%
Evangeline Lilly
19.9%

From the Vault

Song Titles: What's the Thing?

by MSUKent

Music 6m
The Thing is probably a big fan of rock music.
Remove Ads.
Support Sporcle.
Get the best of Sporcle when you Go Orange. This ad-free experience offers more features, more stats, and more fun while also helping to support Sporcle. Thank you for becoming a member.

Show Comments

Extras

Top Quizzes Today


Score Distribution

Your Account Isn't Verified!

In order to create a playlist on Sporcle, you need to verify the email address you used during registration. Go to your Sporcle Settings to finish the process.

Report this User

Report this user for behavior that violates our Community Guidelines.

Details: